00608nom a22001697a 450000500170000000800410001704100080005808200780006624500780014430000120022230000100023430000140024450001140025865000250037265000330039765000080043020220609142509.0190719b xxu||||| |||| 00| 0 spa d aESP aManiquí de prácticas para reanimación cardiopulmonar de 6 a 9 meses aManiquí de prácticas para reanimación cardiopulmonar de 6 a 9 meses a1.58 Kg b66 cm cMasculino aContiene 2 boquillas y 2 sistemas de vías respiratorias. Se prestan para el mismo día, hasta las 7:50 pm aMODELOS ANATÓMICOS aREANIMACIÓN CARDIOPULMONAR aRCP